000
00319nam a2200109Ia 4500
008
171211s9999 xx 000 0 und d
245
_a
Advances in Human Factors, Software, and Systems Engineering
245
_c
Ben Amaba
260
_c
2016
650
_x
SOFTWARE
856
_u
http://down.ebook777.com/064/331941934X.pdf
999
_c
349293
_d
349293